| 000 | 00796nam a2200229 a 4500 | ||
|---|---|---|---|
| 008 | 101021s2003 ||||||||||||||||| || u | ||
| 020 | _a9781852337810 | ||
| 050 | _aQA 312 Cap | ||
| 100 | _aKopp, Ekkehard | ||
| 245 | 1 | 0 | _aMeasure, integral and probability. (2nd ed.) |
| 250 | _a2nd ed. | ||
| 260 |
_aKrakow, Poland: _bSpringer _c2003 |
||
| 300 | _axv, 311p.: ill. | ||
| 350 | _a0.00 | ||
| 490 | _aSpringer undergraduate mathematics series | ||
| 650 | 0 | _aMATHEMATICS--HANDBOOKS, MANUALS, ETC | |
| 650 | _aINTEGRAL EQUATIONS | ||
| 650 | 0 | _aPROBABILITIES | |
| 650 | _aMEASURE THEORY | ||
| 700 | _aCapinski, Marek | ||
| 995 |
_D0.00 _FCBU-MAIN LIBRARY (Kitwe) _H1 _I0.00 _M1 _UAVAILABLE _WNov 30, 2010 _ZMain Library Open Access Collection |
||
| 999 |
_c50820 _d50820 |
||